The Mac OS X Panther book / (Record no. 12921)

000 -LEADER
fixed length control field 00563cam a22001934a 4500
020 ## - INTERNATIONAL STANDARD BOOK NUMBER
ISBN 0764567942
040 ## - CATALOGING SOURCE
Transcribing agency DLC
082 00 - DEWEY DECIMAL CLASSIFICATION NUMBER
Classification number 005 WIL 2004 A005 Or.
100 1# - MAIN ENTRY--AUTHOR NAME
Personal name Ihnatko, Andy.
245 14 - TITLE STATEMENT
Title The Mac OS X Panther book /
260 ## - PUBLICATION, DISTRIBUTION, ETC. (IMPRINT)
Place of publication Hoboken, NJ :
Name of publisher Wiley Pub.,
Year of publication c2004.
300 ## - PHYSICAL DESCRIPTION
Number of Pages xxvii, 381 p. :
Other physical details ill. ;
Dimensions 23 cm.
500 ## - GENERAL NOTE
General note Includes index.
650 #0 - SUBJECT ADDED ENTRY--TOPICAL TERM
Topical Term Operating systems (Computers)
650 #0 - SUBJECT ADDED ENTRY--TOPICAL TERM
Topical Term Macintosh (Computer)
700 1# - ADDED ENTRY--PERSONAL NAME
Personal name Harrington, Jan L.
856 42 - ELECTRONIC LOCATION AND ACCESS
Uniform Resource Identifier http://www.loc.gov/catdir/description/wiley041/2004102360.html
942 ## - ADDED ENTRY ELEMENTS (KOHA)
Koha item type សៀវភៅភាសាអង់គ្លេស
952 ## - LOCATION AND ITEM INFORMATION (KOHA)
Withdrawn status [LOCAL, KOHA] 0
Holdings
Permanent Location Date acquired Koha item type Lost status Shelving location Barcode Current Location Full call number
Library Block A2017-08-18សៀវភៅភាសាអង់គ្លេស A005A16994Library Block A005 WIL 2004 A005 Or.
មជ្ឈមណ្ឌលឯការនៃសាកលវិទ្យាល័យភូមិន្ទកសិកម្មចំការដូង

Powered by Koha